[Event "JI GADIJ I"]
[Site "SchemingMind.com"]
[Date "2024.03.01"]
[Round "-"]
[White "Phillip Beckett"]
[Black "Helga1946"]
[Result "0-1"]
[WhiteCountry "ENG"]
[BlackCountry "GER"]
[WhiteElo "1484"]
[WhiteRD "54"]
[BlackElo "2396"]
[BlackRD "72"]
[GameID "742765"]

1. e4 e5 2. Nf3 Nc6 3. d4 exd4 4. Bc4 Bb4+ 5. c3 dxc3 6. bxc3 Ba5 7. Qb3 Qe7 8. O-O Nf6 9. e5 Nxe5 10. Nxe5 Qxe5
11. Ba3 d6 12. Nd2 O-O 13. f4 Qe3+ 14. Kh1 Qxd2 15. h3 Bd7 16. g4 Bc6+ 17. Bd5 Nxd5 18. c4 Ne3+ 19. Kg1 Qg2#
0-1

[Event "JI GADIJ I"]
[Site "SchemingMind.com"]
[Date "2024.02.29"]
[Round "-"]
[White "Helga1946"]
[Black "Phillip Beckett"]
[Result "1-0"]
[WhiteCountry "GER"]
[BlackCountry "ENG"]
[WhiteElo "2396"]
[WhiteRD "72"]
[BlackElo "1484"]
[BlackRD "54"]
[GameID "742766"]

1. a3 d5 2. d4 Nf6 3. Nf3 e6 4. c4 Be7 5. Nc3 O-O 6. Bf4 c6 7. e3 Nbd7 8. Qc2 Re8 9. h4 dxc4 10. Bxc4 Nb6
11. Bd3 Bd6 12. Bxd6 Qxd6 13. e4 Qe7 14. e5 Nfd5 15. Bxh7+ Kh8 16. Ng5 g6 17. Nce4 Nf4 18. h5 Nxh5 19. Nf6 Nxf6 20. Bxg6+ Kg7
21. Bxf7 Rf8 22. Qg6#
1-0

[Event "JI GADIJ I"]
[Site "SchemingMind.com"]
[Date "2024.04.10"]
[Round "-"]
[White "William Lindberg"]
[Black "Derek Price"]
[Result "1/2-1/2"]
[WhiteCountry "USA"]
[BlackCountry "ENG"]
[WhiteElo "2373"]
[WhiteRD "69"]
[BlackElo "2393"]
[BlackRD "78"]
[GameID "743701"]

1. c4 e5 2. g3 Nf6 3. Bg2 c6 4. d4 exd4 5. Qxd4 d5 6. Nf3 Be6 7. O-O h6 8. Rd1 Qb6 9. Qxb6 axb6 10. cxd5 Bxd5
11. Nc3 Be6 12. a3 Be7 13. Bf4 O-O 14. Nd4 Nbd7 15. Nxe6 fxe6 16. Ne4 Kf7 17. Rac1 g5 18. Nd6+ Bxd6 19. Bxd6 Rfd8 20. Rd3 b5
21. Rcd1 Nb6 22. b3 Nc8 23. Be5 Rxd3 24. Rxd3 Nb6 25. Bb2 Ke7 26. f3 Nbd7 27. Bf1 h5 28. Rc3 e5 29. Bg2 Nd5 30. Rc1 Rg8
31. Kf2 Rf8 32. e3 N5f6 33. Ke2 Rd8 34. Rd1 Re8 35. Ra1 Ke6 36. a4 b4 37. Rc1 Kd6 38. Rc2 g4=
1/2-1/2

[Event "JI GADIJ I"]
[Site "SchemingMind.com"]
[Date "2024.04.10"]
[Round "-"]
[White "Derek Price"]
[Black "William Lindberg"]
[Result "1/2-1/2"]
[WhiteCountry "ENG"]
[BlackCountry "USA"]
[WhiteElo "2393"]
[WhiteRD "78"]
[BlackElo "2373"]
[BlackRD "69"]
[GameID "743702"]

1. c4 c5 2. Nf3 Nf6 3. Nc3 Nc6 4. g3 g6 5. Bg2 Bg7 6. O-O O-O 7. d4 d6 8. dxc5 dxc5 9. Be3 Qb6 10. b3 Bg4
11. Rc1 Rad8 12. Qe1 Nd4 13. Na4 Qc7 14. Nc3 Rfe8 15. h3 Nxf3+ 16. exf3 Bf5 17. Kh2 Qc8 18. Rd1 b6 19. Rxd8 Rxd8 20. Qc1 Rd3
21. Ne2 Qd8 22. Re1 h5 23. Bf1 Bc8 24. Ng1 Rd6 25. Bg2 Bb7 26. f4 Bxg2 27. Kxg2 Qa8+ 28. Kh2 e6 29. Rd1=
1/2-1/2

[Event "JI GADIJ I"]
[Site "SchemingMind.com"]
[Date "2024.04.16"]
[Round "-"]
[White "JAHI"]
[Black "Brennan Price"]
[Result "1/2-1/2"]
[WhiteCountry "INT"]
[BlackCountry "USA"]
[WhiteElo "2163"]
[WhiteRD "75"]
[BlackElo "2131"]
[BlackRD "125"]
[GameID "743872"]

1. a3 e5 2. a4 d5 3. Na3 Nf6 4. g3 c5 5. Bh3 Bxh3 6. Nxh3 Qd7 7. Ng1 Qxa4 8. d3 Be7 9. Bg5 Qb4+ 10. Kf1 Nc6
11. Nf3 O-O 12. Kg2 Qxb2 13. Qb1 Qxb1 14. Rhxb1 h6 15. Bd2 b6 16. Nh4 Rfd8 17. Nf5 Bf8 18. h3 d4 19. Nc4 e4 20. g4 exd3
21. exd3 Re8 22. Ra6 Nd5 23. Rba1 Rab8 24. Rb1 Nc7 25. Ra3 Nd5 26. Ra6 Ndb4 27. Bxb4 Nxb4 28. Rxa7 Nxc2 29. Rxb6 Ne1+ 30. Kg3 Nxd3
31. Ra3 Rxb6 32. Nxb6 c4 33. Nxc4 Bxa3 34. Nxa3 Re2 35. f3 Ra2 36. Nb5 Kh7 37. Nfxd4 g5 38. Nc3 Rd2 39. Ne4 Rb2 40. h4 gxh4+
41. Kxh4 Rb4 42. Nf5 Ne1 43. Kg3 Rb3 44. Nh4 Kg7 45. Nc5 Ra3 46. Nd7 Ra7 47. Nf5+ Kh7 48. Ne5 f6 49. Nc4 Kg6 50. Ncd6 Ra6
51. Ne7+ Kh7 52. Ndf5 Nd3 53. Nd5 Ne5 54. Kf2 Ra3 55. Nxf6+ Kg6 56. Ng8 Rxf3+ 57. Ke2 Rh3 58. Ngxh6 Nxg4 59. Nxg4 Kxf5 60. Nf2=
1/2-1/2

[Event "JI GADIJ I"]
[Site "SchemingMind.com"]
[Date "2024.04.16"]
[Round "-"]
[White "Brennan Price"]
[Black "JAHI"]
[Result "1/2-1/2"]
[WhiteCountry "USA"]
[BlackCountry "INT"]
[WhiteElo "2149"]
[WhiteRD "130"]
[BlackElo "2155"]
[BlackRD "72"]
[GameID "743873"]

1. d4 f6 2. e4 a6 3. Nf3 g6 4. Bc4 e6 5. O-O Bh6 6. Bxh6 Nxh6 7. Qd2 Nf7 8. Nc3 Nc6 9. a3 a5 10. Rfe1 Kf8
11. d5 Nce5 12. Nxe5 fxe5 13. dxe6 dxe6 14. Qe3 Qg5 15. Qh3 Qe7 16. Rad1 Kg7 17. Re3 Bd7 18. Qg4 Rad8 19. Red3 h6 20. Qg3 Rhf8
21. h4 Rg8 22. a4 b6 23. Nb5 Bxb5 24. Bxb5 Rxd3 25. Rxd3 Rd8 26. Rxd8 Qxd8 27. Qg4 h5 28. Qxe6 Qd1+ 29. Kh2 Qe1 30. Be8 Qxf2
31. Bxf7 Qxh4+ 32. Kg1= Qe1+ 33. Kh2 Qh4+ 34. Kg1 Qe1+ 35. Kh2 Qh4+
1/2-1/2

[Event "JI GADIJ I"]
[Site "SchemingMind.com"]
[Date "2024.07.13"]
[Round "-"]
[White "Helga1946"]
[Black "JAHI"]
[Result "1-0"]
[WhiteCountry "GER"]
[BlackCountry "INT"]
[WhiteElo "2456"]
[WhiteRD "66"]
[BlackElo "2148"]
[BlackRD "84"]
[GameID "745946"]

1. a3 f6 2. e4 Nh6 3. Nf3 f5 4. exf5 Nxf5 5. d4 a6 6. d5 a5 7. Bd3 e6 8. O-O g6 9. Nc3 Bg7 10. Bg5 Bf6
11. h4 Na6 12. Bxf5 gxf5 13. Bh6 Rg8 14. Ng5 Rg6 15. dxe6 Bxc3 16. exd7+ Bxd7 17. bxc3 Qf6 18. Re1+ Kd8 19. Re6 Qxe6 20. Nxe6+ Rxe6
21. Qh5 Kc8 22. Rd1 Re8 23. Be3 b6 24. Rxd7 Kxd7 25. Qxf5+ Kc6 26. Qf3+ Kd6 27. c4 c6 28. Bxb6 Re1+ 29. Kh2 Rae8 30. Qd3+ Ke6
31. c5 Nb8 32. Bc7 a4 33. Bxb8 Rf8 34. Qc4+ Kd7 35. Qd4+ Ke8 36. Qxa4 Kf7 37. Qxc6 Kg7 38. Be5+ Rxe5 39. Qc7+ Kf6 40. Qd6+ Re6
41. Qxf8+ Ke5 42. Qg7+ Ke4 43. Qxh7+ Kd4 44. Qd7+ Ke5 45. c6 Rd6 46. c4 Rxd7 47. cxd7 Kd4 48. h5 Kxc4 49. d8=Q Kb3 50. Qd3+ Ka4
51. f3 Ka5 52. Qb3 Ka6 53. Qb8 Ka5 54. Qb7 Ka4 55. Qb4#
1-0

[Event "JI GADIJ I"]
[Site "SchemingMind.com"]
[Date "2024.07.13"]
[Round "-"]
[White "JAHI"]
[Black "Helga1946"]
[Result "0-1"]
[WhiteCountry "INT"]
[BlackCountry "GER"]
[WhiteElo "2148"]
[WhiteRD "84"]
[BlackElo "2456"]
[BlackRD "66"]
[GameID "745947"]

1. a3 e5 2. a4 d5 3. g3 Nc6 4. Bh3 Bxh3 5. Nxh3 Qd7 6. Ng1 O-O-O 7. h3 d4 8. d3 f5 9. Kf1 Nf6 10. Bg5 e4
11. Nd2 Qd5 12. Rh2 Be7 13. Nc4 h6 14. Bxf6 Bxf6 15. Qb1 Nb4 16. Ra3 g5 17. Rb3 a5 18. f3 Rhe8 19. g4 Be5 20. Rg2 Bf4
21. c3 exd3 22. cxb4 dxe2+ 23. Nxe2 d3 24. Rxd3 Qxd3 25. Qxd3 Rxd3 26. bxa5 Rxf3+ 27. Rf2 Rxh3 28. gxf5 Rh1+ 29. Kg2 Rh2+ 30. Kf1 Rxf2+
31. Kxf2 Rf8 32. Kf3 Rxf5 33. Kg4 Rf6 34. Kh5 Re6 35. Nc3 Re1 36. Kg4 Rc1 37. Na3 Rg1+ 38. Kh5 Rh1+ 39. Kg6 h5 40. Kf5 h4
41. Ne4 Rg1 42. Nf2 Rg2 43. Ng4 h3 44. Nb5 Rxg4 45. Kxg4 h2 46. Nd4 h1=Q 47. a6 bxa6 48. Ne6 Qg2+ 49. Kf5 Qd5+ 50. Kf6 Qe5+
51. Ke7 Bg3 52. Kf7 Qf5+ 53. Kg8 Qxe6+ 54. Kg7 Be5+ 55. Kh7 Qf6 56. b3 Qg7#
0-1

[Event "JI GADIJ I"]
[Site "SchemingMind.com"]
[Date "2024.08.17"]
[Round "-"]
[White "Kenny Elliott"]
[Black "Raymond de Kemp"]
[Result "0-1"]
[WhiteCountry "USA"]
[BlackCountry "NED"]
[WhiteElo "1495"]
[WhiteRD "71"]
[BlackElo "1862"]
[BlackRD "73"]
[GameID "746617"]

1. d4 f5 2. Bf4 Nf6 3. Nc3 c6 4. Nf3 d5 5. Ne5 e6 6. e3 Bd6 7. Be2 O-O 8. O-O b5 9. a3 a5 10. b4 axb4
11. axb4 Rxa1 12. Qxa1 Bxb4 13. Bg5 Bb7 14. Bf3 h6 15. Bxf6 gxf6 16. Ng6 Rf7 17. Bh5 Rg7 18. Ne2 Bd6 19. f4 Ba6 20. Rf3 b4
21. Nc1 Qb6 22. Nb3 Be2 23. Rh3 Bxh5 24. Rxh5 Rxg6 25. Qe1 Na6 26. Nd2 c5 27. Nf1 cxd4 28. Rh3 dxe3 29. Nxe3 Bxf4 30. Rf3 e5
31. Kh1 Bxe3 32. Rxe3 d4 33. Rb3 Nc5 34. Rxb4 Qc6 35. Qf1 d3 36. Rb8+ Kf7 37. cxd3 Nxd3 38. Rb3 e4 39. Qxf5 Qc1+
0-1

[Event "JI GADIJ I"]
[Site "SchemingMind.com"]
[Date "2024.08.17"]
[Round "-"]
[White "Raymond de Kemp"]
[Black "Kenny Elliott"]
[Result "1-0"]
[WhiteCountry "NED"]
[BlackCountry "USA"]
[WhiteElo "1856"]
[WhiteRD "71"]
[BlackElo "1414"]
[BlackRD "71"]
[GameID "746618"]

1. d4 d5 2. Bf4 e6 3. Nf3 Bd6 4. Bg3 Bxg3 5. hxg3 Nf6 6. e3 O-O 7. Bd3 Nc6 8. c3 Re8 9. g4 Ne4 10. Nbd2 e5
11. Nxe5 Nxd2 12. Bxh7+ Kf8 13. Ng6+ fxg6 14. Bxg6 Rxe3+ 15. fxe3 Qg5 16. Rh8+ Ke7 17. Re8+ Kf6 18. Bf5 Bxf5 19. Rxa8 Qxe3+ 20. Qe2 Qg1+
21. Kxd2 Qxa1 22. Rf8+ Kg6 23. gxf5+ Kg5 24. Qe3+
1-0

[Event "JI GADIJ I"]
[Site "SchemingMind.com"]
[Date "2024.11.27"]
[Round "-"]
[White "mmccaffe"]
[Black "Thomas Jacob Kelly"]
[Result "0-1"]
[WhiteCountry "USA"]
[BlackCountry "USA"]
[WhiteElo "1657"]
[WhiteRD "77"]
[BlackElo "1815"]
[BlackRD "89"]
[GameID "749169"]

1. e4 e5 2. Nf3 Nc6 3. Bb5 Nf6 4. d3 d6 5. O-O Be7 6. c3 a6 7. Ba4 Bg4 8. Re1 O-O 9. Nbd2 Qc8 10. Nf1 b5
11. Bb3 Nd8 12. Ne3 Be6 13. Nd5 Bxd5 14. exd5 a5 15. Bg5 a4 16. Bc2 a3 17. b3 Nxd5
0-1

[Event "JI GADIJ I"]
[Site "SchemingMind.com"]
[Date "2024.11.27"]
[Round "-"]
[White "Thomas Jacob Kelly"]
[Black "mmccaffe"]
[Result "1-0"]
[WhiteCountry "USA"]
[BlackCountry "USA"]
[WhiteElo "1815"]
[WhiteRD "89"]
[BlackElo "1657"]
[BlackRD "77"]
[GameID "749170"]

1. e4 c5 2. Nc3 Nc6 3. f4 g6 4. Nf3 Bg7 5. Bc4 e6 6. f5 f6 7. O-O Nge7 8. d3 d5 9. Bb3 d4 10. Ne2 e5
11. Nh4 g5 12. Ng3 gxh4 13. Qh5+ Kd7 14. Qxh4 a5 15. Nh5 Qf8 16. Nxg7 Qxg7 17. Bh6
1-0

[Event "JI GADIJ I"]
[Site "SchemingMind.com"]
[Date "2024.11.24"]
[Round "-"]
[White "palberto1963"]
[Black "frankly"]
[Result "1/2-1/2"]
[WhiteCountry "ESP"]
[BlackCountry "ENG"]
[WhiteElo "2539"]
[WhiteRD "64"]
[BlackElo "2537"]
[BlackRD "76"]
[GameID "749182"]

1. d4 Nf6 2. c4 e6 3. Nf3 d5 4. Nc3 Bb4 5. e3 O-O 6. Bd3 dxc4 7. Bxc4 c5 8. O-O cxd4 9. exd4 b6 10. Bg5 Bb7
11. Qe2 Nbd7 12. Rac1 Bxc3 13. bxc3 Qc7 14. Nd2 a6 15. Bd3 h6 16. Bh4 b5 17. a4 bxa4 18. Rfe1 Rfe8 19. Bc2 Rec8 20. Bxa4 Qa5
21. Bxd7 Qd5 22. f3 Nxd7 23. Bg3 a5 24. Qd3 a4 25. c4 Qa5 26. h3 Nf6 27. Kh2 Rd8 28. Be5 Nd7 29. Bg3 Nf6 30. Be5 Nd7
31. Bg3=
1/2-1/2

[Event "JI GADIJ I"]
[Site "SchemingMind.com"]
[Date "2024.11.24"]
[Round "-"]
[White "frankly"]
[Black "palberto1963"]
[Result "1/2-1/2"]
[WhiteCountry "ENG"]
[BlackCountry "ESP"]
[WhiteElo "2537"]
[WhiteRD "76"]
[BlackElo "2539"]
[BlackRD "64"]
[GameID "749183"]

1. e4 c5 2. Nf3 d6 3. d4 cxd4 4. Nxd4 Nf6 5. Nc3 a6 6. Be3 e5 7. Nb3 Be6 8. f3 h5 9. Be2 Nbd7 10. f4 Qc7
11. h3 b5 12. a3 Be7 13. O-O O-O 14. f5 Bc4 15. Bxc4 Qxc4 16. Nd2 Qc6 17. Qf3 a5 18. Rac1 Nb6 19. Bg5 b4 20. axb4 axb4
21. Bxf6 Bxf6 22. Nd5 Nxd5 23. exd5 Qb6+ 24. Kh1 Bg5 25. Rcd1 Bxd2 26. Rxd2 Ra2 27. Qxh5 f6 28. b3 Rfa8 29. Kh2 Qc5 30. Rd3 Ra1
31. Rxa1 Rxa1 32. Qe8+ Kh7=
1/2-1/2

[Event "JI GADIJ I"]
[Site "SchemingMind.com"]
[Date "2024.12.10"]
[Round "-"]
[White "Raymond de Kemp"]
[Black "Thomas Jacob Kelly"]
[Result "1-0"]
[WhiteCountry "NED"]
[BlackCountry "USA"]
[WhiteElo "1880"]
[WhiteRD "68"]
[BlackElo "1807"]
[BlackRD "85"]
[GameID "749661"]

1. d4 d5 2. Nf3 c5 3. c4 cxd4 4. cxd5 e6 5. dxe6 Bxe6 6. Nxd4 Nf6 7. Nc3 Bb4 8. Qa4+ Nc6 9. Nxc6 Bxc3+ 10. bxc3 bxc6
11. Qxc6+ Bd7 12. Qc5 Ba4 13. Ba3 Nd5 14. e4 Rc8 15. Qxd5
1-0

[Event "JI GADIJ I"]
[Site "SchemingMind.com"]
[Date "2024.12.10"]
[Round "-"]
[White "Thomas Jacob Kelly"]
[Black "Raymond de Kemp"]
[Result "1-0"]
[WhiteCountry "USA"]
[BlackCountry "NED"]
[WhiteElo "1818"]
[WhiteRD "83"]
[BlackElo "1816"]
[BlackRD "63"]
[GameID "749662"]

1. e4 d6 2. d4 Nf6 3. Nd2 e5 4. Ngf3 exd4 5. Nxd4 Bd7 6. Bd3 a6 7. c3 c5 8. Nf5 g6 9. Ng3 Nc6 10. f4 Qc7
11. O-O O-O-O 12. Qe2 h5 13. a4 h4 14. Nh1 h3 15. Rf2 Ng4 16. g3 Nxf2 17. Nxf2 Bg7 18. Nf3 Bf6 19. Bd2 Rdg8 20. Kf1 Na5
21. f5 gxf5 22. exf5 Nb3 23. Ra3 Nxd2+ 24. Nxd2 Re8 25. Qd1 Re5 26. Ng4 Bxf5 27. Nxe5 Be6 28. Nec4 Qc6 29. Nf3 Bg4 30. Be2 Re8
31. Nxd6+
1-0

[Event "JI GADIJ I"]
[Site "SchemingMind.com"]
[Date "2025.01.10"]
[Round "-"]
[White "DMark4"]
[Black "Clive Everill"]
[Result "0-1"]
[WhiteCountry "ENG"]
[BlackCountry "CZE"]
[WhiteElo "1210"]
[WhiteRD "99"]
[BlackElo "1677"]
[BlackRD "60"]
[GameID "750858"]

1. d4 f5 2. g3 Nf6 3. Bg2 d5 4. c4 c6 5. Nf3 e6 6. O-O Be7 7. b3 Nbd7 8. Ba3 Bxa3 9. Nxa3 O-O 10. Nc2 Nb6
0-1

[Event "JI GADIJ I"]
[Site "SchemingMind.com"]
[Date "2025.01.31"]
[Round "-"]
[White "VKram"]
[Black "JPT"]
[Result "1-0"]
[WhiteCountry "CHI"]
[BlackCountry "INT"]
[WhiteElo "1956"]
[WhiteRD "171"]
[BlackElo "1734"]
[BlackRD "84"]
[GameID "751410"]

1. c4 g6 2. g3 Bg7 3. Nc3 Nf6 4. Bg2 O-O 5. Nf3 Nc6 6. d4 d5 7. cxd5 Nxd5 8. e4 Nxc3 9. bxc3 Na5 10. O-O Nc4
11. e5 b5 12. a4 Bd7 13. Ng5 Rb8 14. e6 fxe6 15. axb5 Bxb5 16. Nxe6 Qc8 17. Nxf8 Qxf8 18. Rxa7 c6 19. Bg5 Bf6 20. Bxf6 Qxf6
21. Re1 Re8 22. Qg4 Nd6 23. Qf4 Qxf4 24. gxf4 Kf8 25. Rc7 Nf5 26. Bxc6
1-0

[Event "JI GADIJ I"]
[Site "SchemingMind.com"]
[Date "2025.01.31"]
[Round "-"]
[White "JPT"]
[Black "VKram"]
[Result "0-1"]
[WhiteCountry "INT"]
[BlackCountry "CHI"]
[WhiteElo "1734"]
[WhiteRD "84"]
[BlackElo "1956"]
[BlackRD "171"]
[GameID "751411"]

1. e4 e5 2. Nf3 Nc6 3. Bc4 Nf6 4. d3 Bc5 5. O-O a6 6. Bg5 h6 7. Bh4 Ba7 8. Nc3 g5 9. Bxg5 hxg5 10. Nxg5 d5
11. exd5 Nd4 12. d6 Ne6 13. dxc7 Qxc7 14. Qf3 Rh6 15. Nxe6 Bxe6 16. Bxe6 fxe6 17. Rae1 O-O-O 18. Ne4 Rdh8 19. h3 Nd5 20. Ng5 Nf4
21. Re4 Qg7 22. Rxf4 exf4 23. Qxf4 Rh5 24. Qc4+ Kb8 25. Qf4+ Ka8 26. Nxe6 Rxh3 27. g3 Rxg3+ 28. Qxg3 Qxg3#
0-1

[Event "JI GADIJ I"]
[Site "SchemingMind.com"]
[Date "2025.02.06"]
[Round "-"]
[White "Raymond de Kemp"]
[Black "Helga1946"]
[Result "0-1"]
[WhiteCountry "NED"]
[BlackCountry "GER"]
[WhiteElo "1827"]
[WhiteRD "66"]
[BlackElo "2430"]
[BlackRD "65"]
[GameID "751414"]

1. f4 Nf6 2. Nf3 c5 3. b3 g6 4. Bb2 Bg7 5. e3 O-O 6. Be2 Nc6 7. O-O d6 8. Bb5 Bd7 9. a4 a6 10. Bxc6 Bxc6
11. a5 Re8 12. Qe2 e5 13. fxe5 Nd7 14. Nc3 Nxe5 15. Rf2 d5 16. Nxe5 Bxe5 17. Raf1 d4 18. Nd1 Qh4 19. h3 Qg3
0-1

[Event "JI GADIJ I"]
[Site "SchemingMind.com"]
[Date "2025.02.06"]
[Round "-"]
[White "Helga1946"]
[Black "Raymond de Kemp"]
[Result "1-0"]
[WhiteCountry "GER"]
[BlackCountry "NED"]
[WhiteElo "2430"]
[WhiteRD "65"]
[BlackElo "1827"]
[BlackRD "66"]
[GameID "751415"]

1. a3 e5 2. c4 f5 3. d4 e4 4. Bf4 Nf6 5. Nc3 d6 6. e3 c6 7. h3 Be7 8. d5 O-O 9. Nge2 Nbd7 10. dxc6 Nc5
11. Nd4 Nd3+ 12. Bxd3 exd3 13. O-O bxc6 14. Nxc6 Qd7 15. Nxe7+ Qxe7 16. Qxd3 Rd8 17. Rfd1 Be6 18. Bxd6 Qf7 19. c5 Bc4 20. Qxf5 Ba6
21. Be5
1-0

[Event "JI GADIJ I"]
[Site "SchemingMind.com"]
[Date "2025.02.07"]
[Round "-"]
[White "Chesswitchery"]
[Black "Archon"]
[Result "0-1"]
[WhiteCountry "USA"]
[BlackCountry "CAN"]
[WhiteElo "1568"]
[WhiteRD "62"]
[BlackElo "1748"]
[BlackRD "60"]
[GameID "751501"]

1. d4 d6 2. c4 Nf6 3. Nf3 g6 4. Nc3 Bg7 5. e3 O-O 6. Bd3 Nbd7 7. O-O e5 8. Ne4 Ne8 9. Bd2 f5 10. Neg5 Ndf6
11. dxe5 dxe5 12. Qb3 c5 13. Bb4 b6 14. Bd2 e4 15. Ne5 Nd6 16. Be2 Nfe8 17. Bc3 Qxg5 18. f4 Qe7 19. Rad1 Nf7 20. Nxf7 Qxf7
21. Be1 Nf6 22. h3 Be6 23. Bc3 Rad8 24. a4 Qe7 25. Rc1 Rd7 26. Qa2 Rfd8 27. Be5 Rd2 28. Rfe1 Ne8 29. Bc3 Bxc3 30. Rxc3 Qg7
31. Qa3 Nc7 32. b4 cxb4 33. Qxb4 Na6 34. Qb5 Qxc3 35. Qxa6 Rc2 36. Qxa7 Qxe3+ 37. Kh1 Rxe2 38. Rxe2 Qxe2 39. Qc7 Qf1+ 40. Kh2 Rd2
0-1

[Event "JI GADIJ I"]
[Site "SchemingMind.com"]
[Date "2025.02.07"]
[Round "-"]
[White "Archon"]
[Black "Chesswitchery"]
[Result "0-1"]
[WhiteCountry "CAN"]
[BlackCountry "USA"]
[WhiteElo "1727"]
[WhiteRD "72"]
[BlackElo "1552"]
[BlackRD "57"]
[GameID "751502"]

1. d4 d5 2. Bf4 e6 3. e3 c5 4. c3 Nc6 5. Nf3 Nf6 6. Nbd2 cxd4 7. exd4 Be7 8. Bd3 O-O 9. Ne5 Bd7 10. h4 h6
11. g4 Bc8 12. g5 Nd7 13. gxh6 g6 14. h7+ Kh8 15. Qg4 Nf6 16. h5 Nxg4 17. hxg6 f6 18. Ndf3 fxe5 19. Bxe5+ Ncxe5 20. Nxe5 Nxf2
21. Rg1 Nxd3+ 22. Nxd3 Bh4+
0-1

[Event "JI GADIJ I"]
[Site "SchemingMind.com"]
[Date "2025.02.19"]
[Round "-"]
[White "Uzi Mike"]
[Black "MazetaFighter"]
[Result "*"]
[WhiteCountry "USA"]
[BlackCountry "GRE"]
[WhiteElo "2312"]
[WhiteRD "99"]
[BlackElo "2108"]
[BlackRD "81"]
[GameID "751818"]

1. e4 e5 2. Nf3 Nc6 3. d4 exd4 4. Nxd4 Nf6 5. Nxc6 bxc6 6. Bd3 d5 7. Qe2 dxe4 8. Nc3 Bb4 9. Bxe4 Nxe4 10. Qxe4+ Qe7
11. Qxe7+ Kxe7
*

[Event "JI GADIJ I"]
[Site "SchemingMind.com"]
[Date "2025.02.25"]
[Round "-"]
[White "Michal Drus"]
[Black "eliecercruzr"]
[Result "0-1"]
[WhiteCountry "POL"]
[BlackCountry "CUB"]
[WhiteElo "1434"]
[WhiteRD "161"]
[BlackElo "2430"]
[BlackRD "57"]
[GameID "752003"]

1. e4 c5 2. Nf3 d6 3. d4 cxd4 4. Nxd4 Nf6 5. Nc3 a6 6. Be3 e5 7. Nb3 Ng4 8. Qd2 Be7 9. Nd5 Nxe3 10. Qxe3 Be6
11. Nb6 Bg5 12. f4 Bxf4 13. Qf2 Ra7 14. Nd5 Bxd5 15. exd5 Ra8 16. g3 Bh6 17. Bd3 O-O 18. g4 Nd7 19. Qf5 Qh4+ 20. Kd1 Nf6
21. Rg1 Bf4 22. Nd2 Qf2
0-1

[Event "JI GADIJ I"]
[Site "SchemingMind.com"]
[Date "2025.02.24"]
[Round "-"]
[White "eliecercruzr"]
[Black "Michal Drus"]
[Result "1-0"]
[WhiteCountry "CUB"]
[BlackCountry "POL"]
[WhiteElo "2430"]
[WhiteRD "57"]
[BlackElo "1434"]
[BlackRD "161"]
[GameID "752004"]

1. e4 c6 2. d4 d5 3. e5 Bf5 4. Nf3 e6 5. Be2 Nd7 6. O-O c5 7. c4 Ne7 8. Nc3 Nb6 9. dxc5 Nxc4 10. b3 Ng6
11. bxc4 Qc7 12. cxd5 O-O-O 13. d6 Qxc5 14. Be3 Qa5 15. Nb5 Be7 16. Bxa7 Nf4 17. Qc1+ Kd7 18. Qxf4 g5 19. Qd4 Bf8 20. Bb6 Bg7
21. Bxa5
1-0

[Event "JI GADIJ I"]
[Site "SchemingMind.com"]
[Date "2025.03.12"]
[Round "-"]
[White "Wojciech  Langer"]
[Black "Mariano51"]
[Result "0-1"]
[WhiteCountry "INT"]
[BlackCountry "CUB"]
[WhiteElo "1721"]
[WhiteRD "98"]
[BlackElo "2225"]
[BlackRD "76"]
[GameID "752447"]

1. f4 d5 2. Nf3 Nf6 3. e3 c5 4. Bb5+ Nbd7 5. O-O e6 6. d4 Qc7 7. c4 a6 8. Qa4 Rb8 9. Bxd7+ Bxd7 10. Qd1 dxc4
11. Nc3 b5 12. Bd2 Be7 13. Ne5 O-O 14. b3 cxd4 15. exd4 b4 16. Na4 Bxa4 17. bxa4 c3 18. Rc1 Nd5 19. Rf3 f6 20. Ng4 Qc4
21. Rg3 Qxd4+ 22. Kh1 cxd2 23. Rc6 Nc3
0-1

[Event "JI GADIJ I"]
[Site "SchemingMind.com"]
[Date "2025.03.12"]
[Round "-"]
[White "Mariano51"]
[Black "Wojciech  Langer"]
[Result "1-0"]
[WhiteCountry "CUB"]
[BlackCountry "INT"]
[WhiteElo "2225"]
[WhiteRD "76"]
[BlackElo "1721"]
[BlackRD "98"]
[GameID "752448"]

1. e4 c5 2. Nf3 d6 3. d4 Nf6 4. Nc3 cxd4 5. Nxd4 a6 6. f3 e5 7. Nb3 Be7 8. Be3 O-O 9. Qd2 Be6 10. O-O-O a5
11. a4 Nc6 12. g4 Nxg4 13. fxg4 Bxg4 14. Be2 Bxe2 15. Qxe2 Nb4 16. Rhg1 Qc7 17. Bh6 Bf6 18. Rdf1 Qe7 19. Kb1 Rfc8 20. Rxf6 Qxf6
21. Bxg7 Qe6 22. Bxe5+ Kf8 23. Bg7+ Ke7 24. Nd4 Qh3 25. Qb5 Qd7 26. Bf6+ Ke8 27. Rg8#
1-0